MDQL
is popping MORE tags! Check the
thread
!
Quizzes
Events
Quiz Creation
Community
Videos
Private Events
Remove Ads
Sign In
Join for FREE
Feedback
Dark Mode
Quiz Categories
Sports
Geography
Music
Movies
Television
Just For Fun
Miscellaneous
History
Literature
Language
Science
Gaming
Entertainment
Religion
Holiday
For Kids
Quiz Lab
Recent
Popular Today
Quiz Kudos Today
Editor Picks
Curator Picks
Quizzes by...
Day
Popularity
Type
Ratings
Length
Year
Community
Subscriptions
Recent Discussions
Orange Saloon
Badges
Playlists
Quests
Create
Leaderboards
Showdown
Live 5
Trivia Bingo
Activity
Puzzle Library
Sporcle Events
Private Events
Virtual Trivia
Globe League
Become a Host
Pub Owners
SporcleCon
Opinionation
Our Games
Videos
Blog
Mobile Apps
Partnerships
Remove Ads and Go Orange
Feedback
Sports
Athletes
MLB
NBA
NHL
NFL
Soccer
Sports Teams
WWE
NCAA
Football
Premier League
Basketball
Baseball
Hockey
Golf
Tennis
Cricket
Rugby
Auto Racing
Olympics
World Cup
Sports
Athletes
MLB
NBA
NHL
NFL
Soccer
Sports Teams
WWE
NCAA
Football
Premier League
Basketball
Baseball
Hockey
Golf
Tennis
Cricket
Rugby
Auto Racing
Olympics
World Cup
Random Quiz
Search Sporcle
×
Quiz Lab
Quiz Lab
Sports
Type in answers that appear in a list
Type in answers that appear in a list
Classic
Best Score? Go Orange.
NCAA Schools With Colors In Their Names Stats
Can you name the NCAA Schools With Colors In Their Names?
By
Bruins40
5m
43 Questions
175 Plays
175 Plays
175 Plays
Comments
Comments
Give Quiz Kudos
Give Quiz Kudos
-
- Ratings
hide this ad
More Info
Replay
Link that replays current quiz
Next Quiz
Link to next quiz in quiz playlist
You Got
0%
They Got
Avg Score
48%
Avg Friend Score
Upgrade to see
Score Distribution
Jump to the score distribution portion of the page
Score
0/43
Timer
05:00
0
Plays Today
School
% Correct
Alabama
99.4%
Duke
97.1%
Syracuse
89.7%
Georgia Tech
89.1%
California
86.3%
Stanford
86.3%
Minnesota
85.7%
Texas Tech
84.6%
Rutgers
84%
Tulane
82.9%
St. John's
76%
Cornell
68%
Army
66.9%
Miami (OH)
66.9%
Tulsa
65.7%
Delaware
65.1%
Depaul
61.1%
North Texas
60%
Marquette
58.3%
Kent State
57.1%
Dartmouth
52%
Creighton
48.6%
School
% Correct
Middle Tennessee State
45.7%
Maine
40.6%
Arkansas State
38.3%
Evansville
35.4%
Harvard
32.6%
Marist
25.1%
Oakland
24%
Southern Mississippi
24%
Canisius
22.9%
Illinois State
22.3%
Arkansas - Pine Bluff
16%
Florida International
15.4%
Central Connecticut State
14.9%
Long Island University
14.9%
Loyola (MD)
14.9%
Niagara
10.9%
Presbyterian
10.3%
Saint Francis
8.6%
Oral Roberts
8%
Tennessee Tech
6.3%
Southeast Missouri State
2.3%
Quiz Playlist
Details
Report
Send in Message
Add To Playlist
More Info:
All teams are Division I basketball teams
Classic:
Type in answers that appear in a list
Last Updated: Feb 16, 2017
Quiz Scoreboard
CHALLENGE
Sign Up to Join the Scoreboard
Show All
Scores
Hide
Comments
May contain spoilers
Recently Published
Colored Red Africa Blitz
by spor1
Geography
30s
Find the 'City' Movie
by crazypaving
Movies
60s
5x2 Blitz: Bands
by SL_Kpop136
Music
30s
More to Explore
Quiz From the Vault
Featured Blog Post
14 Easter Pick-up Lines to Find Eggs With
hide this ad
You Might Also Like...
Tags
This quiz does not have any tags.
Today's Top Quizzes in Sports
Browse Sports
hide this ad
Top Contributed Quizzes in Sports
1
Les entraîneurs de l'OM et du PSG au 21e siècle
2
Les meilleurs buteurs des matchs entre le PSG et l’OM
3
Players with Multiple 50 Home Run Seasons
4
2022 World Cup Stars
5
Les joueurs passés par le PSG et l'OM
6
NBA Logic Puzzle 2.0
7
Criteria MLB: Left Handed Sluggers
8
MLB Players with Two .350 Batting Average Seasons
9
Top 10 NHL Goal Scorers of All Time
10
Who Hit More Homers?
Explore More
Trending Topics
Crossword
Marvel
NBA
Disney
Kpop
Anime
Harry Potter
WWE
Country
Pokémon
Puzzle
The Office
Song
NFL
Soccer
hide this ad
More By:
Bruins40
Quiz
Plays
Rating
Category
Featured
Created
US States That Border an Ocean
101,831
3.72
Geography
Aug 16, 2010
MLB Players By Nickname
326
3.88
Sports
Aug 28, 2010
NFL Players By Nickname
318
3.20
Sports
Aug 15, 2010
NCAAB Championship Winners
222
2.00
Sports
Oct 13, 2010
NCAA Schools With Colors In Their Names
175
2.67
Sports
Aug 21, 2010
Go to Creator's Profile
Score Distribution
Quiz Creator Spotlight
Bruins40
Follow
Send a Message
Quizzes Created
-
Created Quiz Play Count
-
More By This Creator
Popular Quizzes Today
1
Colored Red Africa Blitz
2
Find the 'City' Movie
3
5x2 Blitz: Bands
4
Find the US States - No Outlines Minefield
5
The Countries of the World
6
Find the US States
7
US States
8
Find the Countries of Europe - No Outlines Minefield
More Sports Quizzes
3 NFL Championships in 10 Years
Published
Trending Quizzes
Colored Red Europe Blitz I
Colored Red Africa Blitz II
Colored Red Europe Blitz II
Colored Red Africa Blitz III
Colored Red Europe Blitz III
Recently Updated
How Do You Spell That?
pecheneg
Godzilla Movies
pecheneg
Grab Bag: 4-10 Letters
pecheneg
2024 March Madness Bracket
pecheneg
Famous TV Couples
Peacemaker
Champions League XIs: Real Madrid
pecheneg
Largest US Cities 1790-2010
pecheneg
Rides in Walt Disney World
pecheneg
Most Oscar Losses (Acting)
pecheneg
Beyoncé Albums
pecheneg
Trending Topics
Disney
Crossword
NBA
Harry Potter
Marvel
Anime
Kpop
NFL
Puzzle
Soccer
Country
The Office
Song
Pokémon
WWE
Your Account Isn't Verified!
In order to create a playlist on Sporcle, you need to verify the email address you used during registration. Go to your
Sporcle Settings
to finish the process.
Report this User
Report this user for behavior that violates our
Community Guidelines
.
Details:
Send Report
Go to the Sporcle.com Mobile Site →
Comments